Statistics for Easy Math Quiz #1

Click here to take the quiz!

General Stats

  • This quiz has been taken 20 times
  • The average score is 14 of 15

Answer Stats

QuestionAnswer% Correct
38-23=15
100%
12x2=24
100%
(33+4)1=37
100%
17-3=14
94%
6+9=15
94%
123-120=3
94%
120-123=-3
94%
34-5+6=35
94%
4-8=-4
94%
74+9=83
94%
67-62=5
88%
4-6+12=10
82%
43-3+949
82%
3-3-3+3=0
76%
65-4+8=69
65%

Score Distribution

Percentile by Number Answered

Percent of People with Each Score

Your Score History

You have not taken this quiz